| 000 | 00660nam a22001817a 4500 | ||
|---|---|---|---|
| 003 | BD-DhUL | ||
| 005 | 20170518113904.0 | ||
| 008 | 170518b2002 b p|||| |||| 00| 0 b d | ||
| 040 |
_aBD-DhUL _cBD-DhUL |
||
| 082 |
_a323.1 _bHUR |
||
| 100 | 1 | _aহক, আবুল কাশেম ফজলুল | |
| 245 | 0 | 0 |
_aরাজনীতি ও সংস্কৃতি / _cআবুল কাশেম ফজলুল হক |
| 260 |
_aঢাকা ; চট্টগ্রাম _bএ্যাডর্ন, _c২০০২. |
||
| 300 |
_a১৪৩পৃঃ ; _c২২সে.মি. |
||
| 650 | 4 | _aরাজনীতি | |
| 650 | 4 | _aPolitics | |
| 942 |
_2ddc _cBK |
||
| 999 |
_c199315 _d199315 |
||